Iglesias Semana Santa Sevilla - Estadísticas

Estadísticas generales
  • Esta prueba ha sido intentada 416 veces
  • La puntuación promedio es 33 de 61
Estadísticas de respuestas
Hermandad Sede % Correcto
La Borriquita Iglesia Colegial del Divino Salvador
96%
El Amor Iglesia Colegial del Divino Salvador
96%
Pasión Iglesia Colegial del Divino Salvador
96%
La Macarena Basílica de la Macarena
77%
La Esperanza de Triana Capilla de los Marineros
77%
La Estrella Capilla de la Estrella
71%
La Cena Iglesia de los Terceros
70%
El Museo Capilla del Museo
67%
La Hiniesta Parroquia de San Julián
67%
El Dulce Nombre Parroquia de San Lorenzo
67%
La Soledad de San Lorenzo Parroquia de San Lorenzo
67%
San Gonzalo Parroquia de San Gonzalo
65%
San Roque Parroquia de San Roque
65%
La Quinta Angustia Parroquia de la Magdalena
64%
El Calvario Parroquia de la Magdalena
64%
Los Panaderos Capilla de San Andrés
63%
Santa Marta Parroquia de San Andrés
63%
Las Penas Parroquia de San Vicente
62%
Las Siete Palabras Parroquia de San Vicente
62%
El Baratillo Capilla del Baratillo
61%
La Amargura Iglesia de San Juan de la Palma
61%
La Redención Iglesia de Santiago
61%
San Benito Parroquia de San Benito
61%
San Bernardo Parroquia de San Bernardo
61%
San Esteban Iglesia de San Esteban
60%
Montesión Capilla de Montesión
58%
La Exaltación Iglesia de Santa Catalina
58%
La Resurrección Iglesia de Santa Marina
58%
Santa Genoveva Parroquia de Santa Genoveva
58%
Los Servitas Capilla de Los Dolores
57%
La Paz Parroquia de San Sebastián
57%
Santa Cruz Parroquia de Santa Cruz
57%
Los Javieres Parroquia de Omnium Sanctorum
56%
El Carmen Doloroso Parroquia de Omnium Sanctorum
56%
El Valle Iglesia de la Anunciación
54%
La Lanzada Iglesia de San Martín
54%
El Cristo de Burgos Parroquia de San Pedro
54%
Los Estudiantes Capilla de la Universidad
53%
San Isidoro Parroquia de San Isidoro
53%
Montserrat Capilla de Montserrat
52%
La Candelaria Parroquia de San Nicolás
50%
La Carretería Capilla de La Carretería
49%
Las Cigarreras Capilla de la Fábrica de Tabacos
49%
El Silencio Iglesia de San Antonio Abad
47%
La Soledad de San Buenaventura Convento de San Buenaventura
45%
San Pablo Parroquia de San Ignacio de Loyola
44%
Jesús Despojado Capilla del Mayor Dolor
42%
El Santo Entierro Iglesia de San Gregorio
41%
La Mortaja Antiguo convento de La Paz
40%
Vera Cruz Capilla del Dulce Nombre de Jesús
38%
El Buen Fin Convento de San Antonio de Padua
38%
La Trinidad Basílica de María Auxiliadora
37%
El Cachorro Basílica del Cristo de la Expiración
36%
El Cerro del Águila Parroquia de Nuestra Señora de los Dolores
36%
El Gran Poder Basílica de Nuestro Padre Jesús del Gran Poder
32%
La O Parroquia de Nuestra Señora de La O
31%
Los Negritos Capilla de Nuestra Señora de los Ángeles
29%
El Sol Parroquia de San Diego de Alcalá
28%
La Sed Parroquia de la Inmaculada Concepción
27%
Las Aguas Capilla de Nuestra Señora del Rosario
25%
Los Gitanos Santuario del Señor de la Salud
13%
No se encontraron pruebas coincidentes
Distribución de puntuación
Porcentaje de gente con cada puntuación
Porcentaje por número respondido
Historial de tus puntuaciones
No has intentado esta prueba.